Spy Fiction Writers Quiz Stats

 Plays Quiz Updated Mar 27, 2020

Support Sporcle.
Go Orange.
Score 0/20 Timer 06:00
0 Plays Today
Spy Author % Correct
James BondIan Fleming
89%
Jack RyanTom Clancy
72.4%
Jason BourneRobert Ludlum
60.5%
George SmileyJohn le Carre
55.6%
Dirk PittClive Cussler
28.5%
Claude LebelFrederick Forsyth
25.8%
Richard HannayJohn Buchan
19.9%
Harry PalmerLen Deighton
17.3%
Alex WolffKen Follett
15.7%
QuillerAdam Hall
11.8%
Spy Author % Correct
Mitch RappVince Flynn
9.3%
Gabriel Allon Daniel Silva
8.8%
Arthur DaviesRobert Erskine Childers
7.7%
AshendenW. Somerset Maugham
6.6%
Holly BarkerStuart Woods
5.8%
Patrick BowersSteven James
5.5%
Emily PollifaxDorothy Gilman
5.1%
Paul ChristopherCharles McCarry
3.4%
John CraigJames Munro
3%
General BesserlyEdward Phillips Oppenheim
2.4%

You're not logged in!

Compare scores with friends on all Sporcle quizzes.
OR
Log In

From the Vault

TV Catchphrases II

by meyerbc

If Sporcle had a catchphrase, what would it be?
Remove Ads.
Support Sporcle.
Get the best of Sporcle when you Go Orange. This ad-free experience offers more features, more stats, and more fun while also helping to support Sporcle. Thank you for becoming a member.

Show Comments

Extras

Top Quizzes Today


Score Distribution

Your Account Isn't Verified!

In order to create a playlist on Sporcle, you need to verify the email address you used during registration. Go to your Sporcle Settings to finish the process.

Report this User

Report this user for behavior that violates our Community Guidelines.

Details: